000 00485nam a2200181Ia 4500
005 20250317123333.0
008 008 250317s9999 xx 000 0 eng d
037 _aTextbook
040 _aFMSL
_beng
_cFMSL
041 _aeng
_2eng
084 _aB2893 K8
_qFMSL
100 _aLoomba N P
245 0 _aLinear programming
260 _aNew Delhi
_bNew Delhi, McGraw-Hill
_c1968
300 _a284p
942 _cTB
_hB2893 K8
999 _c1250850
_d1250850